000 00652nam a2200217Ii 4500
001 15208
003 CO-ViMGA
008 241108s9999||||xx |||||||||||||| ||und||
020 _a9789588281957
040 _aCO-ViMGA
_bspa
_erda
_cCO-ViMGA
041 0 _aspa
082 0 4 _a709.861 G45e
100 1 _aEthel Gilmour de Uribe
_946633
245 1 0 _aEthel Gilmour para chicos y grandes
264 1 _aBogotá, Colombia : Fondo Editorial Universidad - EAFIT, 2008
300 _avolumen
336 _atext
_btxt
_2rdacontent
337 _aunmediated
_bn
_2rdamedia
338 _avolume
_bnc
_2rdacarrier
940 _aidficha_siabuc: 14895. -- ficha_no_siabuc:15208
999 _c41203
_d41203